Les noms des établissements scolaires en France - 3 - Statistiques

Statistiques générales
  • Ce quiz a été pris 28 fois
  • Le résultat moyen est 19 sur 50
Statistiques - réponses
Nombre Dates Indices Nom % Correct
516 1832-1893 Avocat - Homme politique - Instruction obligatoire et gratuite Jules {Ferry}
91%
297 1859-1906 1867-1934 Physicien Polonaise - Physicienne - Chimiste Tous deux, Nobel de physique, reposent au Panthéon Pierre et Marie {Curie}
91%
182 1828-1905 Ecrivain - Anticipation - De la Terre à la Lune Jules {Verne}
86%
61 1840-1902 Ecrivain - Journaliste - Rougon-Macquart Emile {Zola}
82%
18 1850-1893 Ecrivain - Bel-Ami Guy de {Maupassant}
82%
21 1854-1891 Poète - Homme aux semelles de vent - Le bateau ivre Arthur {Rimbaud}
77%
9 1832-1923 Ingénieur - Garabit - Tour de 300 m Gustave {Eiffel}
77%
22 1840-1926 Artiste peintre - Giverny - Nymphéas Claude {Monet}
73%
17 1853-1890 Néerlandais - Ariste peintre - Oreille coupée Vincent {Van Gogh}
73%
139 1844-1924 Ecrivain - La Rôtisserie de la reine Pédauque - Académicien Anatole {France}
68%
21 1841-1929 Médecin - Homme politique - Le Tigre Georges {Clémenceau}
68%
6 1837-1894 Président - Assassiné Sadi {Carnot}
68%
5 1840-1917 Sculpteur - Le Penseur Auguste {Rodin}
64%
17 1844-1896 Poète - Poèmes saturniens - Rimbaud Paul {Verlaine}
59%
90 1840-1897 Ecrivain - Lettres de mon moulin Alphonse {Daudet}
55%
8 1841-1919 Artiste peintre - Bal du Moulin de la galette Auguste {Renoir}
55%
146 1830-1905 Institutrice - Communarde - Déportée Louise {Michel}
50%
22 1839-1906 Artiste peintre - Ste Victoire - Les joueurs de cartes Paul {Cézanne}
45%
20 1857-1932 Président - Journaliste - Assassiné Paul {Doumer}
45%
15 1848-1903 Artiste peintre - Pont-Aven - Marquises Paul {Gauguin}
41%
13 1851-1929 Maréchal de France - Généralissime - Académicien Ferdinand {Foch}
36%
52 1830-1914 Ecrivain - Prix Nobel de littérature - Mireio Frédéric {Mistral}
32%
5 1830-1907 Ecrivain - Sans famille Hector {Malot}
32%
53 1838-1882 Avocat - Homme politique - Aéronaute d'occasion Léon {Gambetta}
32%
30 1827-1907 Chimiste - Ministre - Académicien Marcellin {Berthelot}
32%
157 1833-1886 Médecin - Homme politique - Mort du choléra Paul {Bert}
32%
5 1835-1914 Giuseppe Sarto - Blanc {Pie} X
32%
5 1841-1925 Ingénieur - Eole Clément {Ader}
27%
12 1828-1910 Suisse - Humaniste - Croix rouge Henri {Dunant}
27%
5 1854-1912 Mathématicien - Physicien Henri {Poincaré}
27%
5 1842-1912 Compositeur - Thaïs Jules {Massenet}
23%
25 1832-1885 Journaliste - Ecrivain - Le Bachelier Jules {Vallès}
23%
5 1842-1911 Journaliste - Le droit à la paresse Paul {Lafargue}
23%
5 1854-1934 Maréchal de France - Maroc - Académicien Hubert {Lyautey}
18%
9 1849-1916 Maréchal de France - Madagascar - Taxis de la Marne Joseph {Galliéni}
18%
26 1840-1915 Homme politique - Communard Edouard {Vaillant}
14%
8 1823-1915 Entomologiste - Poète Jean-Henri {Fabre}
14%
20 1845-1922 Professeur - Journaliste - Homme politique Jules Bazile dit Jules {Guesde}
14%
13 1858-1916 Religieux - Officier - Saint Charles de {Foucauld}
9%
93 1841-1932 Philosophe - Ligue des droits de l'homme - Sébastien Castellion Ferdinand {Buisson}
9%
11 1836-1903 Chansonnier - Le temps des cerises Jean-Baptiste {Clément}
9%
18 1824-1874 Journaliste - 1ère femme bachelière Julie {Daubié}
9%
8 1854-1928 Syndicaliste - Zola - Lantier Emile {Basly}
5%
9 1839-1871 Communard - Fusillé Eugène {Varlin}
5%
105 1838-1925 Pédagogue - Institutrice Pauline {Kergomard}
5%
10 1850-1923 Officier - Ecrivain - Académicien Pierre {Loti}
5%
6 1846-1904 Avocat - Homme politique Pierre {Waldeck-Rousseau}
5%
7 1841-1893 Député - Communard Benoît {Malon}
0%
7 1844-1940 Physicien - Médecin Edouard {Branly}
0%
11 1853-1933 Médecin - Diphtérie - Institut Pasteur Emile {Roux}
0%
Aucun quiz correspondant
Distribution des résultats
% des personnes avec chaque résultat
Percentile par nombre de réponses
Votre historique - résultats
Vous n’avez pas pris ce quiz